Discovering Statistics Using IBM SPSS Statistics (Record no. 138250)

MARC details
000 -LEADER
fixed length control field 00556nam a22002057a 4500
003 - CONTROL NUMBER IDENTIFIER
control field OSt
005 - DATE AND TIME OF LATEST TRANSACTION
control field 20260526141546.0
008 - FIXED-LENGTH DATA ELEMENTS--GENERAL INFORMATION
fixed length control field 260526b |||||||| |||| 00| 0 eng d
020 ## - INTERNATIONAL STANDARD BOOK NUMBER
International Standard Book Number 978-1-5264-1952-1
040 ## - CATALOGING SOURCE
Transcribing agency SBCL
082 ## - DEWEY DECIMAL CLASSIFICATION NUMBER
Classification number 519.50285
Item number FIE-D
100 ## - MAIN ENTRY--PERSONAL NAME
Personal name Field,Andy
245 ## - TITLE STATEMENT
Title Discovering Statistics Using IBM SPSS Statistics
250 ## - EDITION STATEMENT
Edition statement 5th ed.
260 ## - PUBLICATION, DISTRIBUTION, ETC.
Place of publication, distribution, etc. London
Name of publisher, distributor, etc. Sage edge
Date of publication, distribution, etc. 2018
300 ## - PHYSICAL DESCRIPTION
Extent 1070p.
630 ## - SUBJECT ADDED ENTRY--UNIFORM TITLE
General subdivision Natural sciences & mathematics
650 ## - SUBJECT ADDED ENTRY--TOPICAL TERM
Topical term or geographic name entry element Mathematics
-- Probabilities & applied mathematics
942 ## - ADDED ENTRY ELEMENTS (KOHA)
Koha item type BOOK
Holdings
Withdrawn status Lost status Source of classification or shelving scheme Damaged status Not for loan Home library Current library Date acquired Cost, normal purchase price Total Checkouts Full call number Barcode Shelving location Date last seen Price effective from Koha item type
    Dewey Decimal Classification     SB LIBRARY SB LIBRARY 26/05/2026 2995.00   519.50285 FIE-D 143725 GENERAL STACK 26/05/2026 26/05/2026 BOOK

Powered by Koha